| 000 | 01079nam a22003137a 4500 | ||
|---|---|---|---|
| 003 | CHAP | ||
| 005 | 20220329133313.0 | ||
| 008 | 971013s1991 r 10010 d | ||
| 010 | _a4621 | ||
| 011 | _a5593 | ||
| 035 | _a4807 | ||
| 040 | _cCHAP | ||
| 082 |
_a632.95042 _bI5 1990 |
||
| 111 | 0 | 0 |
_aInternational Congress of Pesticide Chemistry ( _n7 _d: 1990 _c: Hamburg) _959650 |
| 245 |
_aPesticide chemistry _b: advances in international research, development, and legislation |
||
| 260 |
_aWeinheim : _bVCH, _c1991 |
||
| 300 | _a666 p. | ||
| 590 |
_aBATCH-UPD _b10 _c20130110 _lUCH01 _h0227 |
||
| 590 |
_aBATCH-UPD _b10 _c20130110 _lUCH01 _h2200 |
||
| 590 |
_aBATCH-UPD _b10 _c20130410 _lUCH01 _h1508 |
||
| 590 |
_aBATCH-UPD _b10 _c20130914 _lUCH01 _h1910 |
||
| 590 |
_aCONVERSION _b10 _c20130109 _lUCH01 _h1304 |
||
| 650 | 1 | 4 |
_aPesticidas _xCongresos. _987542 |
| 650 | 1 | 4 |
_aPesticidas _xInvestigación. _987560 |
| 650 | 1 | 4 |
_aPesticidas _xLeyes. _987561 |
| 901 | _aBK | ||
| 942 | _cLIBRO | ||
| 949 |
_a632.95042 I5 1990 _bBC _cLIBRO _d33724000001947 _eLIBRO _gI.175656 _h88020 _i4807 _si _t482.85 |
||
| 999 |
_c4621 _d4621 |
||